000 00291nam a22001337a 4500
008 170131b xxu||||| |||| 00| 0 eng d
020 _a9780071600231
041 _aeng
080 _22ND
_a61
100 _a3
101 _aSHMI
245 _aCASE FILES FAMILY MEDICINE
_cTOY
942 _2udc
_cBK
999 _c4072
_d4072